00572nam a2200193Ia 4500008004100000020001500041082000800056100002000064245006900084250000600153260003000159300001700189500002400206650001000230700002400240942000700264952009000271999001700361230524s9999 xx 000 0 und d a8122414605 bRAJ aN.Krishna Raju  0aReinforced Concrete Design : IS 456-2000 Principles and Practice a5 aNew DelhibCharotarc2015 a"XVII,610p;" aQuantity Number: 1 aCivil aR.N. Prenesh942850 cBK 00104070aTATCLbTATCLcGENd2023-05-24l0o RAJp54134r2023-05-24w2023-05-24yBK c57822d57822